000 01259nam a2200361 i 4500
001 000040474
003 DO-SdBNP
005 20260220123654.0
007 ta
008 130826s1996 dr a 001 0 spa d
040 _aDO-SdBNP
_bspa
_cBNPHU
_erda
041 _aspa
082 4 _a101
_bG633f 1996
_222
100 1 _aGómez, Félix,
_eautor
_4aut.
_966775
245 1 0 _aFilosofía, ética y moral /
_cFélix Gómez ; prólogo, Nora Nivar vda. de Fernández.
250 _aSegunda edición
264 4 _aSanto Domingo :
_bEditor CODEX,
_c1996.
300 _a164 páginas :
_bilustraciones ;
_c21 cm.
336 _atexto
_btxt
_2rdacontent
337 _asin mediación
_bn
_2rdamedia
338 _avolumen
_bnc
_2rdacarrier
500 _aIncluye datos biográficos del autor en la contracubierta.
504 _aBibliografía : páginas 163-164.
590 _aInventariado, 2018 /LP
650 4 _aFilosofía
_xHistoria
_9528
650 7 _aEducación moral
_2LIBRUNAM
_91607
650 7 _aÉtica
_2LIBRUNAM
_9509
650 7 _aConducta de vida
_2LIBRUNAM
_911947
650 7 _aValores (Filosofía)
_2LIBRUNAM
_9604
700 1 _aNivar vda. de Fernández, Nora,
_eprologuista
_4pr.
_966776
910 _aValidado. Control de calidad EMS
942 _2ddc
_cLBS1
999 _c39964
_d39964